| 000 | 01254nam a22001937a 4500 | ||
|---|---|---|---|
| 999 |
_c62283 _d62283 |
||
| 005 | 20251125233058.0 | ||
| 008 | s2553 th tha d | ||
| 040 | _aNALT | ||
| 041 | _atha | ||
| 050 | _aJX1569 น468 2553 | ||
| 245 | 1 | 0 | _aนานาสาระเกี่ยวกับการประชุมกรอบความร่วมมือเอเชีย-ตะวันออกกลาง (Asia-Middle East Dialogue : AMED) และ เรื่องน่ารู้เกี่ยวกับตะวันออกกลาง 14-16 ธันวาคม 2553 ณ ศูนย์การประชุมแห่งชาติสิริกิติ์ กรุงเทพมหานคร |
| 260 | 3 |
_aกรุงเทพฯ : _bกระทรวงการต่างประเทศ, _c2553 |
|
| 300 |
_a48 หน้า : _b ภาพประกอบ ; _c 21 ซม. |
||
| 650 | 0 | 4 | _aเอเชีย -- ความสัมพันธ์กับต่างประเทศ -- ตะวันออกกลาง |
| 850 | _aNALT | ||
| 856 | 4 | 0 | _uhttps://hdl.handle.net/20.500.14156/338100 |
| 942 |
_cGB _2lcc |
||